MARC

LEADER 00000nab a2200000 a 4500
001 vtls000130896
003 SK-MaSNL
005 20260305015943.0
008 111104c1982 xo 0 slo
015 |a SNBRB19rr/mm-uuuuu 
035 |a CL0141002 
040 |a SNKBUCL  |b slo  |c SNKBUCL  |e AACR2 
041 0 |a slo 
044 |a xo  |c SK 
080 |a 82.09:885.4-96(087.5)(048)  |2 1981 
080 |a 885.4-96(087.5)(048)  |2 1981 
100 1 |a (r)  |4 aut  |9 636179 
245 1 0 |a Jiřina Strmeňová: Ja som človek, ty si človek  |c (r) ; Jiřina Strmeňová 
500 |a V rubrike Nové knihy. 
650 0 7 |a populárno-náučné výklady  |2 snkbucl  |9 250497 
650 0 7 |a literatúra faktu  |2 snkbucl  |9 18459 
650 0 7 |a literatúra pre deti a mládež  |2 snkbucl  |9 21893 
650 0 7 |a anatómia človeka  |2 snkbucl  |9 711 
650 0 7 |a fyziológia človeka  |2 snkbucl  |9 1098 
655 7 |a články z novín a časopisov  |2 snkbucl  |9 267496 
655 7 |a články z odboru literárna veda a krásna literatúra  |2 snkbucl  |9 770045 
700 1 |a Strmeňová, Jiřina,  |d 1925-  |4 aut  |9 250498 
773 0 |t Osvetová práca  |g Roč. 32, č. 13 (1982), s. 47 
787 0 8 |i Rec.:  |a Strmeňová, Jiřina  |t Ja som človek, ty si človek  |d Bratislava : Mladé letá, 1981 
850 |a Slovenská národná knižnica v Martine  |a MTA001 
852 |a SNK  |b KIS3GCP 
958 |a RK 
958 |a LX 
992 |a RBX 
999 |c 3277950  |d 3279880